000
00310nam a22001337a 4500
082
_a
001
_b
NAT/I
100
_a
NATIONALDOMESTIC
245
_a
IS IT REAL?
260
_a
UK
_b
NATIONAL GEOGRAPHIC
_c
2015
300
_b
CD
520
_a
ABOUT SUPER HMANS, MONSTERS OF THE DEEP
650
_a
SUPER HUMANS
942
_c
BK
999
_c
7252
_d
7252